| 000 | 00421 a2200145 4500 | ||
|---|---|---|---|
| 999 |
_c6095 _d6095 |
||
| 020 | _a0697015386 | ||
| 050 | _aT58.6 ZWA 1992 | ||
| 100 |
_aZwass, Vladimir _eauthor |
||
| 245 |
_aManagement information systems / _cVladimir Zwass |
||
| 264 |
_aDubuque, IA : _bWm. C. Brown, _c1992. |
||
| 300 |
_a896p. : _bill. (col.) |
||
| 500 | _aIncludes index | ||
| 650 | _aManagement information systems | ||
| 942 |
_2lcc _cBK _h58.6 _iZWA _kT |
||